| 000 | 00812 a2200217 4500 | ||
|---|---|---|---|
| 001 | 29250 | ||
| 005 | 20260407155601.0 | ||
| 008 | 260407a1947 arg spa d | ||
| 003 | AR-UNSa-BCEJYS | ||
| 040 |
_aAR-UNSa-BCEJYS _bspa _cAR-UNSa-BCEJYS |
||
| 080 |
_a657 _xContabilidad |
||
| 245 | 1 | 0 | _aSistemas modernos |
| 250 | _a3a. ed | ||
| 264 | 1 |
_aBuenos Aires : _bSelección Contable _c1947 |
|
| 300 |
_a230p. _c20 cm. |
||
| 505 | _a1. Los libros de contabilidad - 2. El libro diario - 3. Errores y omisiones en el diario - 4. Utilidad práctica del diario - 5. Sistemas modernos del libro diario - 6. El libro mayor - 7. Control del sistema contable - 9. Documentación de las operaciones. | ||
| 942 | _cBK | ||
| 590 | _aniveau_biblio:m niveau_hierar:0 | ||
| 100 | 1 | _aSeoane, Jorge | |
| 700 | 1 | _aRaul, Joaquin | |
| 999 |
_c1815 _d1815 |
||